| 000 | 00583nam a2200193 a 4500 | ||
|---|---|---|---|
| 003 | PILC | ||
| 005 | 20150112093432.0 | ||
| 008 | 100727s19uu xx 00 eng d | ||
| 022 | _29710860283 | ||
| 050 |
_aHD 8072.5 _b.M672 1983 |
||
| 082 |
_aSFf 344.01 _bM67 2000 |
||
| 100 |
_aMiranda, Gregorio S. _911452 |
||
| 245 |
_aLabor-management relations / _cMiranda, Gregorio S. |
||
| 250 | _a4th ed. | ||
| 260 |
_aMandaluyong City, Philippines : _bNational Bookstore, _c1983. |
||
| 300 |
_a529 pages : _billustration ; _c22 cm. |
||
| 650 |
_aLbor management _911453 |
||
| 942 |
_2lcc _cBK |
||
| 999 |
_c14404 _d14404 |
||